00533nam a2200181 a 45000010010000000030011000100080041000210350026000620820017000881000024001052450030001292600036001596500019001959420012002149520090002269980020003169990015003360000-9187ELIB.Books110520 1986  a(ELIB.Books)0000-9339 a270.82 bVan aVander Bent, Ans J. aVilat Ecumenical Concerns bGeneva: WCC Publications c1986 aChurch History 2ddccBK 00102ddc4070aKBTSbKBTSd2011-05-20l0p8593r2022-01-22 00:00:00w2022-01-22yBK cbate2011-05-20 c9187d9187